A writer’s reference : with Extra help for ESL Writers

Enregistré dans:
Détails bibliographiques
Auteur principal:  Hacker, Diana
Format: Sách
Langue:Undetermined
Publié:  Bedford/St. Martin’s  2007
Sujets:
Tags: Ajouter un tag
Pas de tags, Soyez le premier à ajouter un tag!
Thư viện lưu trữ: Trung tâm Thư viện - Trường Đại học Công nghiệp TP. Hồ Chí Minh
LEADER 00495nam a2200157Ia 4500
001 UIH_02571
008 231011s9999 xx 000 0 und d
082 |a  428 
100 |a  Hacker, Diana 
245 0 |a  A writer’s reference : with Extra help for ESL Writers 
245 0 |c  Hacker, Diana 
260 |b  Bedford/St. Martin’s 
260 |c  2007 
650 |a  Tiếng anh;  
927 |a Sách 
980 |a Trung tâm Thư viện - Trường Đại học Công nghiệp TP. Hồ Chí Minh